Migrants and refugees in South Asia: political and security dimensions (Record no. 2707)
[ view plain ]
| 000 -LEADER | |
|---|---|
| fixed length control field | 00598nam a2200181Ia 4500 |
| 020 ## - INTERNATIONAL STANDARD BOOK NUMBER | |
| ISBN | 8187837-02-0 |
| 082 ## - DEWEY DECIMAL CLASSIFICATION NUMBER | |
| Classification number | 325.21095 GHO-; |
| 100 ## - MAIN ENTRY--AUTHOR NAME | |
| Personal name | Ghosh, Partha S. |
| 245 #0 - TITLE STATEMENT | |
| Title | Migrants and refugees in South Asia: political and security dimensions |
| 260 ## - PUBLICATION, DISTRIBUTION, ETC. (IMPRINT) | |
| Place of publication | Shillong |
| Name of publisher | North-Eastern Hill University |
| Year of publication | 2001 |
| 300 ## - PHYSICAL DESCRIPTION | |
| Number of Pages | 71p. |
| 440 ## - SERIES STATEMENT/ADDED ENTRY--TITLE | |
| Title | NEHU-NERC-ICSSR lectures series; 7 |
| 650 ## - SUBJECT ADDED ENTRY--TOPICAL TERM | |
| Topical Term | Immigrants - South Asia |
| 650 ## - SUBJECT ADDED ENTRY--TOPICAL TERM | |
| Topical Term | Refugees - International cooperation - South Asia |
| 650 ## - SUBJECT ADDED ENTRY--TOPICAL TERM | |
| Topical Term | Political aspects - South Asia |
| 650 ## - SUBJECT ADDED ENTRY--TOPICAL TERM | |
| Topical Term | Refugees - Government policy - South Asia |
| 942 ## - ADDED ENTRY ELEMENTS (KOHA) | |
| Koha item type | Books |
| Withdrawn status | Lost status | Damaged status | Not for loan | Home library | Current library | Date acquired | Bill Date | Full call number | Accession Number | Price effective from | Koha item type |
|---|---|---|---|---|---|---|---|---|---|---|---|
| NASSDOC Library | NASSDOC Library | 08/06/2004 | 2004-10-05 | 325.21095 GHO-; | 38476 | 18/04/2019 | Books |
